Literacy criticism
This volume and its companion offer the only comprehensive collection of his reviews and critical essays ever assembled, more than a third of which have never before appeared in book from
Tallennettuna:
| Päätekijä: | |
|---|---|
| Aineistotyyppi: | Kirja |
| Kieli: | Undetermined |
| Julkaistu: |
New York, NY
The Library of America
1984
|
| Aiheet: | |
| Tagit: |
Lisää tagi
Ei tageja, Lisää ensimmäinen tagi!
|
| Thư viện lưu trữ: | Trung tâm Học liệu Trường Đại học Cần Thơ |
|---|
| LEADER | 00769nam a2200217Ia 4500 | ||
|---|---|---|---|
| 001 | CTU_125551 | ||
| 008 | 210402s9999 xx 000 0 und d | ||
| 020 | |c 26 | ||
| 082 | |a 809.034 | ||
| 082 | |b J27/Vol.1 | ||
| 100 | |a James, Henry | ||
| 245 | 0 | |a Literacy criticism | |
| 245 | 0 | |c Henry James ; Edited by Leon Edel and Mark Wilson | |
| 260 | |a New York, NY | ||
| 260 | |b The Library of America | ||
| 260 | |c 1984 | ||
| 520 | |a This volume and its companion offer the only comprehensive collection of his reviews and critical essays ever assembled, more than a third of which have never before appeared in book from | ||
| 650 | |a Literature | ||
| 650 | |x Addresses, essays, lectures | ||
| 904 | |i Minh | ||
| 980 | |a Trung tâm Học liệu Trường Đại học Cần Thơ | ||